| 000 | 00738nam a2200217 u 4500 | ||
|---|---|---|---|
| 005 | 20240614063744.0 | ||
| 008 | 100902m20022009ea r 000 0 eng d | ||
| 020 | _a9780521626002 | ||
| 035 | _aUPN01000177655 | ||
| 049 | _aCG | ||
| 050 | 4 |
_aPE1128 _bM8.2 2002 |
|
| 100 | 1 | _aMurphy, Raymond | |
| 245 | 1 | 0 |
_aBasic grammar in use : _bwith answers / _cRaymond Murphy, William R. Smalzer. |
| 250 | _a2a ed. | ||
| 260 |
_aCambridge, E.U.A. : _bCambridge University Press, _c2002 (2009 impr.). |
||
| 300 |
_a302 p. : _bil. + _e1 CD-ROM 5 1/4 plgs. |
||
| 500 | _aEl CD-ROM solicítalo en el mostrador de préstamos | ||
| 650 | 4 |
_aInglés _vLibros de texto para extranjeros _99168 |
|
| 700 | 1 |
_aSmalzer, William R., _ecoaut. |
|
| 905 | _aLibro | ||
| 999 |
_c149758 _d149758 |
||